Sengo Nihon Kyōsantō shi : tōnai tōsō no rekishi /

Saved in:
Bibliographic Details
Main Author: Koyama, Hirotake, 1912-
Format: Book
Language:Japanese
Published: Tōkyō-to : Sangatsu Shobō, 1958.
Edition:Shohan.
Subjects:
Tags: Add Tag
No Tags, Be the first to tag this record!
LEADER 01028nam a2200289 a 4500
001 007743357-2
005 20024617115958.0
008 900813s1958 ja b 000 0 jpn
010 |a j 67001636 
035 0 |a ocm22213927 
035 0 |a ocm22213927  |z ocm34568775 
040 |a DLC  |c NcD  |d UPB  |d *YNH*  |d CStRLIN 
050 1 4 |a JQ1698.K9  |b K64 
100 1 |6 880-01  |a Koyama, Hirotake,  |d 1912- 
245 1 0 |6 880-02  |a Sengo Nihon Kyōsantō shi :  |b tōnai tōsō no rekishi /  |c Koyama Hirotake. 
250 |6 880-03  |a Shohan. 
260 |6 880-04  |a Tōkyō-to :  |b Sangatsu Shobō,  |c 1958. 
300 |a 4, 238 p. ;  |c 19 cm. 
504 |a Includes bibliographical references (p. 2-4 (1st group)) 
610 2 0 |6 880-05  |a Nihon Kyōsantō  |x History. 
880 1 |6 100-01  |a 小山弘健,  |d 1912- 
880 1 0 |6 245-02  |a 戦後日本共產党史 :  |b 党內闘争の歴史 /  |c 小山弘健. 
880 |6 250-03  |a 初版. 
880 |6 260-04  |a 東京都 :  |b 三月書房,  |c 1958. 
880 2 0 |6 610-05  |a 日本共產党  |x History. 
988 |a 20021214 
906 |0 DLC